Quizlendrier de l'Avent #12 - Desserts de Noël - Statistiques

Statistiques générales
  • Ce quiz a été pris 341 fois
  • Le résultat moyen est 4 sur 8
Statistiques - réponses
Par images Réponse % Correct
Bûche
100%
Pain d'épices
72%
Panettone
58%
Truffe
40%
Pudding
37%
Kouglof
33%
Christstollen
8%
Pompe à l'huile
6%
Aucun quiz correspondant
Distribution des résultats
% des personnes avec chaque résultat
Percentile par nombre de réponses
Votre historique - résultats
Vous n’avez pas pris ce quiz